Christos Savva and others v Philip Galway-Cooper (Record no. 77327)
[ view plain ]
| 000 -LEADER | |
|---|---|
| fixed length control field | 02311cab a2200241 4500 |
| 001 - CONTROL NUMBER | |
| control field | ##L134019 |
| 008 - FIXED-LENGTH DATA ELEMENTS--GENERAL INFORMATION | |
| fixed length control field | 060703e20050716 f g 000 0 eng u |
| 035 ## - SYSTEM CONTROL NUMBER | |
| System control number | (Sirsi) u134019 |
| 041 0# - LANGUAGE CODE | |
| Language code of text/sound track or separate title | eng |
| 100 1# - MAIN ENTRY--PERSONAL NAME | |
| Personal name | O'Grady, Eileen |
| 245 00 - TITLE STATEMENT | |
| Title | Christos Savva and others v Philip Galway-Cooper |
| 260 ## - PUBLICATION, DISTRIBUTION, ETC. | |
| Date of publication, distribution, etc. | 2005 |
| 510 4# - CITATION/REFERENCES NOTE | |
| Name of source | Estates Gazette |
| Location within source | (0528) 16 July 2005, 120(1) |
| -- | (ISSN 0014-1240) |
| 520 ## - SUMMARY, ETC. | |
| Summary, etc. | [2005] EWCA Civ 1068, 6 July 2005. Considers whether a purchase notice expressed as being served upon the landlord pursuant to the Landlord and Tenant Act 1987 s12(b) was out of time. Appeal by S against a decision that their purchase notice issued against G had been out of time. S sought through proceedings to enforce a purchase notice expressed as being served upon G pursuant to s12(b) of the Act. The property comprised four flats which S were tenants of under four leases. Under the time limits in s11(2)(b) of the Act for the service of the purchase notices, S had to show documents indicating that the original disposal of the leases had taken place, had been served on the majority tenants of the constituent tenants after 16 February 2003. The judge ruled that on the facts documents had been served upon the requisite majority of qualifying tenants, indicating the original, disposal before 16 February 2003. S argued that the judge had been wrong in his interpretation of what constituted service for the purposes of the Act. "Held": appeal allowed. The purchase notice was not out of time since G had not established on the facts of each tenancy that documents, indicating the disposal of the leases had taken place, had been served on the requisite majority of qualifying tenants more than three months before the issue of the purchase notice. |
| 650 24 - SUBJECT ADDED ENTRY--TOPICAL TERM | |
| Topical term or geographic name entry element | SAVVA AND OTHERS V GALWAY-COOPER |
| 650 24 - SUBJECT ADDED ENTRY--TOPICAL TERM | |
| Topical term or geographic name entry element | LANDLORD AND TENANT ACT 1987 S12(B) |
| 650 24 - SUBJECT ADDED ENTRY--TOPICAL TERM | |
| Topical term or geographic name entry element | LANDLORD AND TENANT ACT 1987 S12 |
| 650 24 - SUBJECT ADDED ENTRY--TOPICAL TERM | |
| Topical term or geographic name entry element | LANDLORD AND TENANT ACT 1987 S11(2)(B) |
| 651 #4 - SUBJECT ADDED ENTRY--GEOGRAPHIC NAME | |
| Geographic name | England and Wales |
| Chronological subdivision | 1543- |
| 690 ## - LOCAL SUBJECT ADDED ENTRY--TOPICAL TERM (OCLC, RLIN) | |
| Topical term or geographic name as entry element | PROPERTY-RESIDENTIAL PROPERTY-LEASEHOLD RESIDENTIAL PROPERTY-RESIDENTIAL LANDLORD AND TENANT-RESIDENTIAL LEASES-RESIDENTIAL LEASEHOLD ENFRANCHISEMENT |
| 856 40 - ELECTRONIC LOCATION AND ACCESS | |
| Uniform Resource Identifier | <a href="https://www.bailii.org/ew/cases/EWCA/Civ/2005/1068.html">https://www.bailii.org/ew/cases/EWCA/Civ/2005/1068.html</a> |
| Public note | View the judgment free of charge at www.bailii.org... |
| 942 ## - ADDED ENTRY ELEMENTS (KOHA) | |
| Suppress in OPAC | 0 |
| Withdrawn status | Lost status | Source of classification or shelving scheme | Damaged status | Not for loan | Home library | Current library | Shelving location | Date acquired | Total Checkouts | Full call number | Barcode | Date last seen | Copy number | Price effective from | Koha item type |
|---|---|---|---|---|---|---|---|---|---|---|---|---|---|---|---|
| Dewey Decimal Classification | Virtual | Virtual | Online | 03/07/2006 | ONLINE PUBLICATION | 134019-2001 | 06/08/2019 | 1 | 06/08/2019 | Law report |